000 00305nam a22001457a 4500
008 230614b ||||| |||| 00| 0 eng d
020 _a9780471584650
041 _aeng
080 _a573
082 _a573BEL
100 _a16
101 _aBIO
245 _aBIOSTATISTICS
_cBELLE.V.G
942 _2udc
_cBK
999 _c59972
_d59972